Football Players by Picture #12 - Portugal - Statistics

General Stats
  • This quiz has been taken 7,124 times
  • The average score is 10 of 16
Answer Stats
Picture Answer % Correct
Cristiano Ronaldo
100%
Pepe
95%
Luís Figo
88%
Bernardo Silva
85%
Eusebio
83%
Nani
79%
Ricardo Quaresma
73%
Deco
71%
Rui Patrício
70%
Renato Sanches
68%
João Moutinho
56%
Rui Costa
52%
Ricardo Carvalho
47%
Maniche
18%
Helder Postiga
14%
Simão Sabrosa
13%
No matching quizzes found
Score Distribution
Percent of People with Each Score
Percentile by Number Answered
Your Score History
You have not taken this quiz